000 01510nam a22003857a 4500
001 85
003 FISKH
005 20230222093727.0
008 230222b cb ||||| |||| 00| 0 eng d
010 _a 84072876
020 _a0307020223
020 _a0307602834 (lib. bdg.)
040 _aDLC
_cDLC
_dDLC
042 _alcac
050 0 0 _aPZ7.R719154
_bBi 1985
082 0 0 _a630
_219
100 2 _aRosenberg-Turow, Cathi.
245 1 0 _aBig Bird's day on the farm /
_cby Cathi Rosenberg-Turow ; illustrated by Maggie Swanson ; featuring Jim Henson's Sesame Street Muppets ; inspired by Sesame Street presents : Follow that bird, screenplay by Tony Geiss and Judy Freudberg.
260 _a[Racine, Wis.] :
_bWestern Pub. Co. in conjunction with Children's Television Workshop,
_cc1985.
300 _a12 leaves of plates
_bcol. ill. ;
_c20 cm.
490 0 _aA Little golden book
500 _a"A Sesame Street/Golden Press book."
520 _aWhile trying to find Sesame Street, Big Bird stops at a farm and learns where eggs, milk, honey, and various fruits and vegetables come from.
521 8 _a500
_bLexile
521 8 _aH
_bRaz-Plus
650 1 _aFarm life
_xFiction.
650 1 _aPuppets
_xFiction.
700 1 _aSwanson, Maggie,
_eill.
700 1 _aHenson, Jim.
700 1 _aGeiss, Tony.
_tFollow that Bird!
710 2 _aChildren's Television Workshop.
730 0 _aFollow that bird! (Motion picture)
906 _a7
_bcbc
_corignew
_d2
_eopcn
_f19
_gy-gencatlg
942 _2ddc
_cBK
_n0
999 _c85
_d85